| 000 | 00645nam a2200205 a 4500 | ||
|---|---|---|---|
| 003 | OSt | ||
| 005 | 20240226145535.0 | ||
| 008 | 180220t2016 pk | |||| 00| j urd d | ||
| 020 | _a9789693503395 | ||
| 040 | _c0 | ||
| 082 |
_a891.4393 _bQUR 2016 |
||
| 100 | 1 |
_aقرۃالعين حيدر _9121321 |
|
| 245 | 1 | 0 |
_aشيشےکےگھر _cQurat Ul Ain Haider |
| 246 | _aSheeshay Kay Ghar | ||
| 260 |
_aLahore: _bSang e Meel Pub; _c2016. |
||
| 300 | _b238 p. | ||
| 650 |
_aUrdu literature _vShort Stories _91444 |
||
| 942 |
_2ddc _cBK _aSADA _k891.4393 QUR 2016 |
||
| 999 |
_c608223 _d608223 |
||